| 000 | 00820nam a2200229Ii 4500 | ||
|---|---|---|---|
| 003 | JO-AjNU | ||
| 008 | 230605s9999||||xx |||||||||||||| ||und|| | ||
| 017 | _a2006/2862 | ||
| 020 | _a977-277-419-4 | ||
| 040 |
_aJO-AjNU _bara _erda _cJO-AjNU |
||
| 041 | _aara | ||
| 050 | 1 | 4 | _aPJ7541.I27.2006 |
| 100 | 3 |
_aتأليف القيرواني، أبي علي الحسن بن رشيق؛ تحقيق محمد محيى الدين عبدالحميد, _eauthor _911578 |
|
| 245 | 0 | 0 | _aالعمدة في محاسن الشعر وآدابه ونقده |
| 250 | _aط1 | ||
| 264 | 3 | 1 | _aالقاهرة: دار الطلائع، 2006 |
| 300 | _a288ص | ||
| 336 |
_atext _btxt _2rdacontent |
||
| 337 |
_aunmediated _bn _2rdamedia |
||
| 338 |
_avolume _bnc _2rdacarrier |
||
| 650 | 4 |
_aالشعر العربي -- تاريخ ونقد _911579 |
|
| 999 |
_aA2397 _c5965 _d5965 |
||